The Creatures of Narnia (Record no. 48902)
| 000 -LEADER | |
|---|---|
| fixed length control field | 00394nam a22001217a 4500 |
| 008 - FIXED-LENGTH DATA ELEMENTS--GENERAL INFORMATION | |
| fixed length control field | 250507b |||||||| |||| 00| 0 eng d |
| 020 ## - INTERNATIONAL STANDARD BOOK NUMBER | |
| International Standard Book Number | 9780007206070 |
| 100 ## - MAIN ENTRY--PERSONAL NAME | |
| Personal name | Scout Driggs (Adapted), Justin Sweet (Illustrated) |
| 9 (RLIN) | 86288 |
| 245 ## - TITLE STATEMENT | |
| Title | The Creatures of Narnia |
| 260 ## - PUBLICATION, DISTRIBUTION, ETC. (IMPRINT) | |
| Place of publication, distribution, etc | Americas, New York |
| Name of publisher, distributor, etc | HarperCollins Children's Books |
| Date of publication, distribution, etc | 2005 |
| 300 ## - PHYSICAL DESCRIPTION | |
| Extent | 24 p |
| Other physical details | col. ill. |
| Dimensions | 20.5cm x 20.5cm |
| 942 ## - ADDED ENTRY ELEMENTS (KOHA) | |
| Source of classification or shelving scheme | |
| Withdrawn status | Lost status | Source of classification or shelving scheme | Damaged status | Not for loan | Collection code | Home library | Current library | Shelving location | Date acquired | Full call number | Barcode | Date last seen | Price effective from | Koha item type |
|---|---|---|---|---|---|---|---|---|---|---|---|---|---|---|
| Siem Riep | Asian Hope Siem Reap | Asian Hope Siem Reap | Easy Reading | 05/07/2025 | E DRI | 208221 | 05/07/2025 | 05/07/2025 | Book |